| 000 | 01753nam0a2200313 4500 | ||
|---|---|---|---|
| 001 | RU\NLR\bibl\502332 | ||
| 005 | 20260407060253.0 | ||
| 010 |
_a5-88967-015-8 _9500 |
||
| 021 |
_aRU _b2004-4883 _9253 |
||
| 035 | _a(NLR Aleph) 000494914 | ||
| 090 |
_a1137088 _c1137088 |
||
| 100 | _a20040319d2003 |||y0rusy50 ca | ||
| 101 | 0 | _arus | |
| 102 | _aRU | ||
| 105 | _aach ||||||||| | ||
| 200 | 1 |
_aПритяжение Эйдинова _eВоспоминания. Материалы. Документы _fМ-во культуры Рос. Федерации, Гл. упр. культуры и искусства администрации Челяб. обл., Магнитогор. гос. консерватория им. М.И. Глинки _g[Сост. О.С. Эйдинова, доцент, С.И. Мирошниченко, к.искусствоведения, проф.] |
|
| 210 |
_aМагнитогорск _cМагнитогор. гос. консерватория _d2003 |
||
| 215 |
_a286, [1] с. _cил., портр., факс. _d22 |
||
| 320 | _aБиблиогр. в подстроч. примеч. | ||
| 600 | 1 |
_aЭйдинов _bС.Г. _f1911 - 1983 _gСемен Григорьевич _jДокументы и материалы _92325015 _3RU\NLR\auth\661390737 |
|
| 600 | 1 |
_aЭйдинов _bС. Г. _gСемен Григорьевич _2psbo |
|
| 686 | _aЩ313(2Р=Рус)7-83Эйдинов | ||
| 702 | 1 |
_aЭйдинова _bО. С. _gОльга Семеновна |
|
| 712 | 0 | 2 |
_4570 _aМагнитогорская государственная консерватория им. М. И. Глинки _3RU\NLR\AUTH\8810027074 _9552323 |
| 801 | 0 |
_aRU _bNLR _c20040319 _gPSBO |
|
| 801 | 1 |
_aRU _bNLR _c20040319 |
|
| 942 | _cBOOK | ||
| 980 | _aNB | ||